000 01091nam a22002417a 4500
999 _c65082
_d65082
005 20240530110806.0
008 190115s2018 ua a f 000 0 ara d
017 _a2017/17736
_bمصر. دار الكتب
020 _a9789779212111
040 _aEG-CaGPL
_cEG-CaGPL
082 0 4 _221
_a597.0932
_bق / ب س
100 1 _aبريور ، دوجلاس
245 1 2 _aالسمك والصيد فى مصر القديمة /
_cتأليف دوجلاس بريور ، رينيه فريدمان ؛ ترجمة محمد عبدالحميد شهاب ؛ مراجعة علاء الدين عبدالمحسن شاهين
250 _aط.1
260 _aالقاهرة :
_bالمركز القومى للترجمة ،
_c2018 .
300 _a273 ص. :
_bايض ؛
_c24 سم.
650 0 7 _2qrmak
_aالاسماك
_zمصر القديمة
650 0 7 _aالاسماك
_xصيد
_zمصر القديمة
700 0 _aمحمد عبدالحميد شهاب
_eمترجم
700 0 _aعلاء الدين عبدالمحسن شاهين
_eمراجع
942 _2ddc
_cBK